00277nam a2200109Ia 4500008004100000100001500041245005700056260002200113300001000135942000700145999001500152190216s9999||||xx |||||||||||||| ||und|| aBhusan Y K 0aFundamentals Of Business Organisation And Management bKalyani Pubc1977 a1256p cBK c5098d5098